Linkages between wolf presence, aspen recruitment in the Gallatin elk winter range of Southwestern Montana, USA /
Gorde:
| Egile nagusia: | |
|---|---|
| Beste egile batzuk: | |
| Formatua: | Artikulua |
| Hizkuntza: | English |
| Gaiak: | |
| Etiketak: |
Etiketa erantsi
Etiketarik gabe, Izan zaitez lehena erregistro honi etiketa jartzen!
|
| Thư viện lưu trữ: | Thư viện Trường Đại học Đà Lạt |
|---|
| LEADER | 00950nam a2200313 4500 | ||
|---|---|---|---|
| 001 | DLU090069558 | ||
| 005 | ##20090521 | ||
| 040 | # | # | |a DLU |b eng |
| 041 | # | # | |a eng |
| 044 | # | # | |a UK |
| 100 | # | # | |a Halofsky, Joshua. |
| 245 | # | # | |a Linkages between wolf presence, aspen recruitment in the Gallatin elk winter range of Southwestern Montana, USA / |c Joshua Halofsky, William Ripple. |
| 653 | # | # | |a Aspen |
| 653 | # | # | |a Climatic influences |
| 653 | # | # | |a Conifer encroachment |
| 653 | # | # | |a Grey wolves |
| 653 | # | # | |a Trophic cascade |
| 653 | # | # | |a Ungulate herbivory |
| 700 | # | # | |a Ripple, William. |
| 773 | # | # | |t Forestry |g Vol. 81, no. 2 (April 2008), p. 195-207 |
| 920 | # | # | |a Phòng Tạp chí -- Trung tâm Thông tin - Thư viện Trường Đại học Đà Lạt |
| 994 | # | # | |a DLU |
| 900 | # | # | |a True |
| 911 | # | # | |a Trương Bảo Trâm Anh |
| 925 | # | # | |a G |
| 926 | # | # | |a A |
| 927 | # | # | |a BB |
| 980 | # | # | |a Thư viện Trường Đại học Đà Lạt |